| Tag |
First Indicator |
Second Indicator |
Subfields |
| LEADER |
00000cam a2200000 4500 |
| 001 |
in00000727921 |
| 005 |
20151016071703.0 |
| 008 |
720412c1962 nyua 00000beng u |
| 010 |
|
|
|a 62007810
|
| 035 |
|
|
|a (OCoLC)00282190
|
| 035 |
|
|
|9 ADE5353AM
|
| 040 |
|
|
|c CIN
|d TXA
|d UtOrBLW
|
| 049 |
|
|
|a TXAM
|
| 050 |
|
0 |
|a ML422.B33
|b R4 1962
|
| 092 |
|
|
|a 780.92
|b B414r
|
| 100 |
1 |
|
|a Reid, Charles
|c (Writer on music)
|
| 245 |
1 |
0 |
|a Thomas Beecham :
|b an independent biography /
|c by Charles Reid.
|
| 250 |
|
|
|a [1st ed.].
|
| 264 |
|
1 |
|a New York :
|b Dutton,
|c 1962
|
| 264 |
|
4 |
|c ©1961
|
| 300 |
|
|
|a 256 pages :
|b illustrations ;
|c 22cm.
|
| 336 |
|
|
|a text
|b txt
|2 rdacontent
|
| 337 |
|
|
|a unmediated
|b n
|2 rdamedia
|
| 338 |
|
|
|a volume
|b nc
|2 rdacarrier
|
| 536 |
|
|
|a From the Howard Mayer Brown, Edward Downes and Mary Schieffelin book collections, October 2004.
|
| 600 |
1 |
0 |
|a Beecham, Thomas,
|d 1879-1961.
|
| 948 |
|
|
|a cataloged
|b h
|c 2005/1/20
|d c
|e bhartsfi
|f 2:20:45 pm
|
| 999 |
|
|
|a MARS
|
| 999 |
f |
f |
|s a3d7c21c-ddb0-3e39-a6e7-3ab0877a441c
|i faa05af5-135e-39ee-bd6b-f9a2be4aa832
|t 0
|
| 952 |
f |
f |
|p storage
|a Texas A&M University
|b J.J. Pickle Campus
|c High Density Repository
|s HDR
|d Remote Storage
|t 0
|e ML422.B33 R4 1962
|h Library of Congress classification
|i unmediated -- volume
|m A14831648943
|
| 952 |
f |
f |
|p ric
|a Texas A&M University
|b Rellis Campus
|c Joint Library Facility
|s JLF
|d Remote Storage
|t 0
|e ML422.B33 R4 1962
|h Library of Congress classification
|i unmediated -- volume
|m A14833813332
|
| 998 |
f |
f |
|a ML422.B33 R4 1962
|t 0
|l Remote Storage
|
| 998 |
f |
f |
|a ML422.B33 R4 1962
|t 0
|l Remote Storage
|